000 00560nam a2200121Ia 4500
008 220620s9999||||xx |||||||||||||| ||und||
245 0 _aGreen Infrastructure and Climate Change Adaptation
_bFunction, Implementation and Governance
546 _aEnglish[eng]
650 _aOpen Access||Green infrastructure||Ecosystem-based disaster risk reduction||Climate change||Adaptation strategy||Flood||Tsunami||Hybrid-infrastructure
700 _aNakamura, Futoshi
856 _uhttps://library.oapen.org/bitstream/20.500.12657/52866/1/978-981-16-6791-6.pdf
942 _cEB
999 _c23073
_d23073